Welcome to the Holygrace Academy Library

Please use search bar below to get started

CHAVUKALI (Record no. 7901)

MARC details
000 -LEADER
fixed length control field 00434nam a22001457a 4500
020 ## - INTERNATIONAL STANDARD BOOK NUMBER
ISBN 81-240-1567-8
082 ## - DEWEY DECIMAL CLASSIFICATION NUMBER
Classification number 894.812.3
Item number SAN/C
100 ## - MAIN ENTRY--AUTHOR NAME
Personal name SANTHOSHKUMAR, E
245 ## - TITLE STATEMENT
Title CHAVUKALI
260 ## - PUBLICATION, DISTRIBUTION, ETC. (IMPRINT)
Place of publication KOTTAYAM
Name of publisher DC BOOKS
Year of publication 2021
300 ## - PHYSICAL DESCRIPTION
Number of Pages 152
520 ## - SUMMARY, ETC.
Summary, etc 2006-ലെ കേരള സാഹിത്യക്കാദമി അവാര്‍ഡ് നേടിയ കൃതി.
650 ## - SUBJECT ADDED ENTRY--TOPICAL TERM
Topical Term MALAYALAM STORY
Geographic subdivision KERALA
942 ## - ADDED ENTRY ELEMENTS (KOHA)
Koha item type Books
Holdings
Withdrawn status Lost status Collection code Home library Current library Shelving location Date acquired Source of acquisition Cost, normal purchase price Full call number Accession Number Koha item type
    Fiction Main Library Main Library NEW SHELF WITH NEW ENTRY 12/12/2023 purchase 170.00 894.812.3 SAN/C 13501 Books